000 00891cam a2200277 4500
001 13434
003 BD-RjUL
005 20211208235444.0
008 140201t1971 ru bd b 001 0 eng
035 _a(BD-RjUL)13485
040 _aDLC
_cDLC
_dDLC
_dBD-RjUL
_beng
041 1 _aengrus
082 0 0 _a537.534
_216
_bDOP 1971
100 1 _aDolukhanov, Mark Pavlovich.
_941889
245 1 0 _aPropagation of radio waves /
_cby M. Dolukhanov ; Translated from the Russian by Boris Kuznetsov.
250 _aRussian ed.
260 _aMoscow :
_bMir Publishers,
_c1971.
300 _a372 p. :
_billus. ;
_c22 cm.
350 _a1.92rub
500 _aRevised translation of Rasprostranenie radiovoln.
504 _aIncludes bibliographical references and index.
650 0 _aRadio wave propagation.
_941890
942 _2ddc
_cBK
999 _c13434
_d13434